000 00575cam a2200217 a 4500
001 460254
005 20180822074352.0
008 830120s1983 iluaf b 000 0 eng
010 _a 83001188
020 _a0815112823 :
_c$50.00
040 _aDLC
_cDLC
_dDLC
041 _aeng
080 _a617..56061
082 0 0 _a617..56061
_219
100 1 _a5
101 _akir
245 1 0 _aIntradiscal therapy :
_cMark D. Brown.
504 _aBibliography: p. 129-171.
906 _a7
_bcbc
_corignew
_d1
_eocip
_f19
_gy-gencatlg
942 _2ddc
_cBK
999 _c47257
_d47257